Pokemon sauvages de Kanto par niveaux le plus élevés - Statistiques

Statistiques générales
  • Ce quiz a été pris 10 fois
  • Le résultat moyen est 71 sur 171
Statistiques - réponses
Pokemon Niv % Correct
Draco 35
88%
Dracolosse 56
88%
Artikodin 56
75%
Dracaufeu 56
75%
Electhor 56
75%
Leviator 44
75%
Mewtwo 70
75%
Minidraco 25
75%
Sulfura 56
75%
Carapuce 44
63%
Magicarpe 56
63%
Piafabec 56
63%
Pikachu 26
63%
Rapasdepic 56
63%
Ronflex 56
63%
Roucool 56
63%
Roucoups 56
63%
Salameche 23
63%
Tauros 38
63%
Abo 26
50%
Abra 27
50%
Akwakwak 56
50%
Arbok 57
50%
Arcanin 27
50%
Boustiflor 58
50%
Bulbizarre 6
50%
Caninos 38
50%
Chenipan 10
50%
Chetiflor 42
50%
Chrysacier 12
50%
Colossinge 61
50%
Crustabri 44
50%
Empiflor 42
50%
Evoli 38
50%
Fantominus 32
50%
Ferosinge 41
50%
Feunard 27
50%
Goupix 35
50%
Gravalanch 56
50%
Grodoudou 54
50%
Hypocean 40
50%
Hypotrempe 40
50%
Insecateur 38
50%
Kadabra 64
50%
Kangourex 33
50%
Kicklee 46
50%
Kokiyas 44
50%
Lamantine 44
50%
Lippoutou 44
50%
Lokhlass 44
50%
Magmar 44
50%
Metamorph 67
50%
Miaouss 20
50%
Mystherbe 42
50%
Nidoking 46
50%
Nidoqueen 46
50%
Nidoran femelle 46
50%
Nidoran male 46
50%
Nidorina 46
50%
Nidorino 46
50%
Onix 49
50%
Ortide 58
50%
Otaria 44
50%
Papilusion 14
50%
Paras 27
50%
Parasect 64
50%
Persian 39
50%
Poissirene 40
50%
Poissoroy 40
50%
Porygon 27
50%
Psykokwak 56
50%
Racaillou 56
50%
Rafflesia 42
50%
Raichu 64
50%
Rattata 44
50%
Rattatac 46
50%
Rondoudou 27
50%
Roucarnage 56
50%
Saquedeneu 42
50%
Smogo 44
50%
Smogogo 44
50%
Spectrum 32
50%
Stari 42
50%
Staross 42
50%
Tentacool 44
50%
Tentacruel 44
50%
Tygnon 46
50%
Aeromite 54
38%
Aspicot 10
38%
Canarticho 38
38%
Coconfort 10
38%
Coxy 10
38%
Coxyclaque 10
38%
Dardargnan 10
38%
Dodrio 51
38%
Doduo 41
38%
Electrode 61
38%
Elektek 42
38%
Excelangue 56
38%
Flagadoss 55
38%
Fouinar 6
38%
Fouinette 3
38%
Galopa 44
38%
Grotadmorv 44
38%
Hoothoot 13
38%
Hypnomade 46
38%
Krabboss 40
38%
Krabby 40
38%
Leveinard 64
38%
Machoc 46
38%
Machopeur 49
38%
Magneti 42
38%
Magneton 52
38%
Melodelfe 10
38%
Melofee 12
38%
Migalos 7
38%
Mimigal 10
38%
Mimitoss 38
38%
Mr Mime 30
38%
Noadkoko 46
38%
Noarfang 32
38%
Noeunoeuf 46
38%
Nosferalto 59
38%
Nosferapti 56
38%
Ossatueur 55
38%
Osselait 32
38%
Ponyta 42
38%
Ptitard 56
38%
Ramoloss 50
38%
Rhinocorne 56
38%
Rhinoferos 62
38%
Sabelette 26
38%
Sablaireau 57
38%
Scarabrute 38
38%
Soporifik 19
38%
Tadmorv 44
38%
Tartard 56
38%
Taupiqueur 37
38%
Tetarte 56
38%
Triopikeur 32
38%
Voltorbe 42
38%
Corayon 40
25%
Farfuret 43
25%
Limagma 32
25%
Malosse 18
25%
Qulbutoke 58
25%
Balbuto 5
13%
Caratroc 35
13%
Coquiperl 35
13%
Cornebre 29
13%
Crikzik 5
13%
Donphan 42
13%
Floravol 30
13%
Granbull 15
13%
Granivol 28
13%
Lanturn 40
13%
Loupio 40
13%
Lovdisc 20
13%
Medhyena 2
13%
Pomdepik 10
13%
Qwilfish 40
13%
Relicanth 40
13%
Snubbull 18
13%
Tournegrin 12
13%
Ursaring 42
13%
Gloupti 5
0%
Goelise 35
0%
Laporeille 10
0%
Maraiste 32
0%
Mysdibule 15
0%
Tenefix 15
0%
Aucun quiz correspondant
Distribution des résultats
% des personnes avec chaque résultat
Percentile par nombre de réponses
Votre historique - résultats
Vous n’avez pas pris ce quiz